Second Most Populous City Given First Place #2 - Statistics

General Stats
  • This quiz has been taken 25 times
  • The average score is 11 of 15
Answer Stats
Hint Answer % Correct
Seoul Busan
100%
Mumbai Delhi
100%
New York City Los Angeles
100%
Toronto Montréal
100%
Athens Thessaloniki
100%
Bogotá Medellin
95%
Guayaquil Quito
95%
Dhaka Chittagong
91%
Yangon Mandalay
86%
Schaan Vaduz
73%
Tegucigalpa San Pedro Sula
50%
Mexico City Ecatepec
36%
Harare Bulawayo
27%
Abidjan Bouaké
14%
Kampala Nansana
14%
No matching quizzes found
Score Distribution
Percent of People with Each Score
Percentile by Number Answered
Your Score History
You have not taken this quiz